SMC claims RTC jurisdiction over Ilijan case already upheld by higher courts / (Record no. 17614)
[ view plain ]
| 000 -LEADER | |
|---|---|
| fixed length control field | 00450nam a22001577a 4500 |
| 003 - CONTROL NUMBER IDENTIFIER | |
| control field | OSt |
| 005 - DATE AND TIME OF LATEST TRANSACTION | |
| control field | 20221114155340.0 |
| 008 - FIXED-LENGTH DATA ELEMENTS--GENERAL INFORMATION | |
| fixed length control field | 221114b ||||| |||| 00| 0 eng d |
| 040 ## - CATALOGING SOURCE | |
| Transcribing agency | 0 |
| 100 ## - MAIN ENTRY--PERSONAL NAME | |
| Personal name | Velasco, Myrna M. |
| 9 (RLIN) | 46788 |
| 245 ## - TITLE STATEMENT | |
| Title | SMC claims RTC jurisdiction over Ilijan case already upheld by higher courts / |
| 260 ## - PUBLICATION, DISTRIBUTION, ETC. (IMPRINT) | |
| Place of publication, distribution, etc. | Philippines ; |
| Name of publisher, distributor, etc. | Manila Bulletin, |
| Date of publication, distribution, etc. | mARCH 4, 2020. |
| 300 ## - PHYSICAL DESCRIPTION | |
| Extent | page B-5. |
| 650 ## - SUBJECT ADDED ENTRY--TOPICAL TERM | |
| Topical term or geographic name as entry element | Law. |
| 9 (RLIN) | 46789 |
| 942 ## - ADDED ENTRY ELEMENTS (KOHA) | |
| Source of classification or shelving scheme | Dewey Decimal Classification |
| Koha item type | Periodicals |
| Withdrawn status | Lost status | Source of classification or shelving scheme | Damaged status | Not for loan | Home library | Current library | Date acquired | Total Checkouts | Date last seen | Price effective from | Koha item type | Public note |
|---|---|---|---|---|---|---|---|---|---|---|---|---|
| Dewey Decimal Classification | UM Digos College - LIC | UM Digos College - LIC | 11/14/2022 | 11/14/2022 | 11/14/2022 | Periodicals | News paper clippings |
